Eating grass the making of the pakistani bomb (Record no. 576175)
[ view plain ]
| 000 -LEADER | |
|---|---|
| fixed length control field | 00507nam a22001817a 4500 |
| 003 - CONTROL NUMBER IDENTIFIER | |
| control field | CEME |
| 005 - DATE AND TIME OF LATEST TRANSACTION | |
| control field | 20210628204103.0 |
| 008 - FIXED-LENGTH DATA ELEMENTS--GENERAL INFORMATION | |
| fixed length control field | 210112b xxu||||| |||| 00| 0 eng d |
| 020 ## - INTERNATIONAL STANDARD BOOK NUMBER | |
| International Standard Book Number | 9789382264620 |
| 040 ## - CATALOGING SOURCE | |
| Transcribing agency | ceme |
| 082 ## - DEWEY DECIMAL CLASSIFICATION NUMBER | |
| Classification number | 355.0217095471 KHA |
| 100 ## - MAIN ENTRY--PERSONAL NAME | |
| Personal name | Khan, Feroz Hassan |
| 9 (RLIN) | 68667 |
| 245 ## - TITLE STATEMENT | |
| Title | Eating grass the making of the pakistani bomb |
| 260 ## - PUBLICATION, DISTRIBUTION, ETC. | |
| Place of publication, distribution, etc. | INDIA |
| Name of publisher, distributor, etc. | FOUNDATION |
| Date of publication, distribution, etc. | 2013 |
| 300 ## - PHYSICAL DESCRIPTION | |
| Extent | XXV, 520P |
| 650 ## - SUBJECT ADDED ENTRY--TOPICAL TERM | |
| Topical term or geographic name entry element | PAKISTANI BOMB.THE MAKING OF THE PAKISTANI BOMB |
| 9 (RLIN) | 68668 |
| 942 ## - ADDED ENTRY ELEMENTS (KOHA) | |
| Koha item type | Book |
| Source of classification or shelving scheme | |
| Withdrawn status | Lost status | Damaged status | Not for loan | Permanent Location | Current Location | Shelving location | Date acquired | Total Checkouts | Full call number | Barcode | Checked out | Date last seen | Date last checked out | Price effective from | Koha item type |
|---|---|---|---|---|---|---|---|---|---|---|---|---|---|---|---|
| College of Electrical & Mechanical Engineering (CEME) | College of Electrical & Mechanical Engineering (CEME) | General Stacks | 08/02/2017 | 1 | 355.0217095471 KHA | CEME-46705 | 02/01/2026 | 01/02/2026 | 01/02/2026 | 06/28/2021 | Book |
